| 000 | 00000nam##2200000za#4500 |
| 001 | 9.570565 |
| 003 | CaOODSP |
| 005 | 20210624182312 |
| 007 | cr ||||||||||| |
| 008 | 150406|2005||||xxc|||||o f|0| 0 eng|d |
| 022 | |a1919-5087 |
| 040 | |aCaOODSP|beng |
| 043 | |an-cn--- |
| 086 | 1 |aFs70-6/2005-052E-PDF |
| 110 | 1 |aCanada. |bDepartment of Fisheries and Oceans. |bNewfoundland and Labrador Region. |
| 245 | 10|aStock assessment of Newfoundland and Labrador Atlantic salmon |h[electronic resource] |
| 260 | |aSt. John's - Newfoundland and Labrador : |bFisheries and Oceans Canada. |cJune 2006. |
| 300 | |a18p.|bgraphs, illus., maps, references, table |
| 490 | 1 |aCanadian Science Advisory Secretariat science advisory report |x1919-5087|v2005/052, Newfoundland and Labrador Region |
| 590 | |a11-13-Supp|b2011-08-04 |
| 775 | 08|tÉvaluation du stock de saumon Atlantique de Terre-Neuve et du Labrador |w(CaOODSP)9.601213 |
| 830 | #0|aScience advisory report (Canadian Science Advisory Secretariat)|x1919-5087|v2005/052, Newfoundland and Labrador Region|w(CaOODSP)9.506226 |
| 856 | 40|ahttp://publications.gc.ca|qPDF|s222 KB|uhttps://publications.gc.ca/collections/collection_2011/mpo-dfo/Fs70-6-2005-052-eng.pdf|y2005/052, Newfoundland and Labrador Region |